| 000 | 01107nam a2200361 a 4500 | ||
|---|---|---|---|
| 005 | 20260322212051.0 | ||
| 008 | data | ||
| 010 | _a 85013496 | ||
| 020 |
_a0880480432 : _c{dollar}22.50 |
||
| 020 |
_a9780880480437 : _c{dollar}22.50 |
||
| 040 |
_aDNLM/DLC _cDLC _dCStRLIN |
||
| 050 | 0 |
_aR726.5 _b.G74 1985 |
|
| 060 | _aWM 178 G798m | ||
| 096 | _aWM 178 G798m 1985 | ||
| 100 | 1 |
_aGreen, Stephen A., _d1945- |
|
| 245 | 1 | 0 |
_aMind and body : _bthe psychology of physical illness / _cStephen A. Green. |
| 260 | 0 |
_aWashington, DC : _bAmerican Psychiatric Press, _cc1985. |
|
| 300 |
_axvi, 205 p. : _bill. ; _c24 cm. |
||
| 500 | _aIncludes index. | ||
| 504 | _aBibliography: p. 199-202. | ||
| 590 | _aBibliography: p. 199-202. | ||
| 590 | _aIncludes index. | ||
| 650 | 0 |
_aSick _xPsychology. |
|
| 650 | 0 |
_aSick _vInterviews. |
|
| 650 | 0 | _aMedicine, Psychosomatic. | |
| 650 | 0 | _aMind and body. | |
| 650 | 0 | _aMedicine and psychology. | |
| 650 | 2 |
_aAcute Disease _xpsychology. |
|
| 650 | 2 |
_aChronic Disease _xpsychology. |
|
| 650 | 2 | _aPhysician-Patient Relations. | |
| 650 | 2 | _aSick Role. | |
| 001 | data | ||
| 999 |
_c1206 _d1206 |
||